| 000 | 00935nam a22002417a 4500 | ||
|---|---|---|---|
| 999 |
_c10240 _d10240 |
||
| 003 | AR-CdUCM | ||
| 008 | 190329b ||||| |||| 00| 0 spa d | ||
| 040 |
_aMUNICIPALIDAD PROVINCIAL DEL CUSCO _cBIBLIOTECA MUNICIPAL DEL CUSCO |
||
| 082 |
_aC / 378.055985 / _bC93 |
||
| 100 |
_aCuadros Villena, Carlos Ferdinand _926971 |
||
| 245 | _aFunción y Perspectiva de la Facultad de Derecho del Cuzco / | ||
| 260 |
_aCusco : _bEdiciones de la Facultad de Derecho, _c1965. |
||
| 300 |
_a252 páginas ; _bformatos plegables, _c25 cm. |
||
| 440 |
_aEdiciones de la Facultad de Derecho. _n6 _926972 |
||
| 500 | _aMemoria del decano Dr. Carlos Ferdinand Cuadros Villena. | ||
| 505 | _aContenido:Contenido: Sistema de organización -- registros -- docencia -- administrativo -- tramites ... | ||
| 650 |
_aMemorias _9235 |
||
| 650 |
_aDerecho _9739 |
||
| 650 |
_aCusco _9772 |
||
| 710 |
_aUNSAAC. _96777 |
||
| 942 |
_2ddc _cLIBROS |
||
| 945 | _aachl | ||